| 000 | 00775nac a22001811u 4500 | ||
|---|---|---|---|
| 008 | 101201t xxu||||| |||| 00| 0 eng d | ||
| 020 | _a0071232591 | ||
| 028 | _bwww.bl.uk | ||
| 082 |
_a658.84 _bINT |
||
| 245 |
_aInternet Marketing : _bBuilding Advanage in a Networked Economy / _cRafi A. Mohammed ....[et al.] |
||
| 250 | _a2nd ed., International ed | ||
| 260 |
_aBoston, Mass. [u.a.] : _bMcGraw-Hill/Irwin, 2004. _c2004 |
||
| 300 |
_axxxi, 743 p. : _bill. ; _c26 cm |
||
| 504 | _aIncludes bibliographical references and index | ||
| 700 |
_921382 _aMohammed, Rafi A. |
||
| 942 |
_cBB _k658.84 INT _2ddc |
||
| 999 |
_c2061 _d2061 |
||